[Event "First Saturday FM-A May 2014"]
[Site "Budapest"]
[Date "2014.05.13"]
[Round "11.2"]
[White "Furedi, Erik"]
[Black "Keszi, Janos"]
[Result "1-0"]
[WhiteElo "2020"]
[BlackElo "2092"]
[PlyCount "63"]
[EventDate "2014.05.03"]

1. e4 c5 2. Nf3 d6 3. d4 cxd4 4. Nxd4 Nf6 5. Nc3 a6 6. Be2 e5 7. Nb3 Be7 8. Be3
Be6 9. O-O Nbd7 10. h3 Rc8 11. a4 O-O 12. a5 Rxc3 13. bxc3 Nxe4 14. Bf3 f5 15.
Bxe4 fxe4 16. Nd2 d5 17. f3 Qc7 18. fxe4 Qxc3 19. Rxf8+ Bxf8 20. Bf2 d4 21. Nf3
h6 22. Kh1 Bd6 23. Bg3 Nc5 24. Bxe5 Bxe5 25. Nxe5 Nxe4 26. Qe1 Qxc2 27. Rc1 Qb2
28. Nd3 Qb5 29. Qxe4 Bf5 30. Qe7 Qxd3 31. Rc7 Qg3 32. Qf7+ 1-0

[Event "First Saturday FM-A May 2014"]
[Site "Budapest"]
[Date "2014.05.13"]
[Round "11.3"]
[White "Amangeldiyev, Gurbangeldi"]
[Black "Steer, Jozsef"]
[Result "1-0"]
[WhiteElo "2090"]
[BlackElo "1913"]
[PlyCount "57"]
[EventDate "2014.05.03"]

1. b3 d5 2. Bb2 c5 3. e3 Nf6 4. Nf3 Nc6 5. Be2 Bf5 6. d4 e6 7. O-O Be7 8. Ne5
O-O 9. Nd2 cxd4 10. exd4 Rc8 11. Bd3 Bg6 12. Nxg6 hxg6 13. a3 Qc7 14. Re1 a6
15. Qe2 Rfe8 16. g3 Bd6 17. Nf3 b5 18. h4 Nb8 19. Rac1 Qb6 20. Kg2 Nbd7 21. Ne5
Nf8 22. f4 Rb8 23. g4 Rec8 24. Rh1 a5 25. h5 gxh5 26. g5 Bxe5 27. fxe5 Ne4 28.
Qxh5 Ng6 29. Rcf1 1-0

[Event "First Saturday FM-A May 2014"]
[Site "Budapest"]
[Date "2014.05.13"]
[Round "11.4"]
[White "Bartha, Sandor"]
[Black "Bohman, Leif"]
[Result "1-0"]
[WhiteElo "2067"]
[BlackElo "1879"]
[PlyCount "87"]
[EventDate "2014.05.03"]

1. c4 c6 2. g3 Nf6 3. Bg2 e6 4. Nf3 Be7 5. O-O d5 6. b3 Nbd7 7. Bb2 O-O 8. d3
Re8 9. Qc2 a5 10. a4 Qb6 11. Nbd2 Bb4 12. e4 dxe4 13. dxe4 e5 14. Rac1 Qc7 15.
Rfd1 Bd6 16. Nf1 Nc5 17. Ne1 Nfd7 18. Ne3 Nf8 19. Rd2 Ng6 20. Bc3 Bf8 21. Nd3
Be6 22. h4 Nxd3 23. Rxd3 f6 24. Rcd1 Be7 25. Nf5 Bxf5 26. exf5 Nf8 27. Re1 Qb6
28. Rd2 Rad8 29. Rde2 Nd7 30. Kh2 Nc5 31. f4 Nd3 32. Rd1 Nb4 33. Bxb4 Bxb4 34.
Rxd8 Qxd8 35. fxe5 fxe5 36. Be4 Qd4 37. f6 Rf8 38. Bxh7+ Kh8 39. fxg7+ Kxg7 40.
Qg6+ Kh8 41. Qh5 Rf2+ 42. Kh3 Rxe2 43. Bg6+ Kg7 44. Qh7+ 1-0

[Event "First Saturday FM-A May 2014"]
[Site "Budapest"]
[Date "2014.05.13"]
[Round "11.5"]
[White "Green, Per"]
[Black "Kis, Bela"]
[Result "0-1"]
[WhiteElo "1995"]
[BlackElo "2046"]
[PlyCount "90"]
[EventDate "2014.05.03"]

1. Nf3 d5 2. d4 Nf6 3. c4 e6 4. g3 c5 5. cxd5 exd5 6. Nc3 Nc6 7. Bg2 Be6 8. O-O
cxd4 9. Nxd4 Be7 10. Bg5 h6 11. Be3 O-O 12. Re1 Re8 13. Rc1 Rc8 14. Na4 Qa5 15.
Nxe6 fxe6 16. Bc5 Nb4 17. Bxe7 Rxc1 18. Qxc1 Rxe7 19. Nc3 d4 20. Ne4 Nxe4 21.
Qc8+ Kf7 22. Bxe4 Nd3 23. Rb1 Nc5 24. Bh7 Nd7 25. a3 Qd2 26. Qg8+ Kf6 27. Bd3
Ne5 28. Qf8+ Nf7 29. Qc8 Ne5 30. Qd8 Nc6 31. Qf8+ Rf7 32. Qd6 Qa5 33. Qf4+ Ke7
34. Qh4+ Kd6 35. Rc1 Rf6 36. Qg4 g5 37. Be4 Qd2 38. Rb1 Ne5 39. Qh5 d3 40. Kf1
g4 41. Re1 Qe3 42. f4 Qxe4 43. exd3 Qh1+ 44. Ke2 Qg2+ 45. Kd1 Nf3 0-1

[Event "First Saturday FM-A May 2014"]
[Site "Budapest"]
[Date "2014.05.13"]
[Round "11.6"]
[White "Wang, Zixu"]
[Black "Velieva, Hurma"]
[Result "0-1"]
[WhiteElo "2043"]
[BlackElo "2031"]
[PlyCount "46"]
[EventDate "2014.05.03"]

1. e4 c5 2. Nf3 d6 3. d4 cxd4 4. Nxd4 Nf6 5. Nc3 e5 6. Nf3 Be6 7. Bb5+ Nc6 8.
Ng5 Bg4 9. f3 Bh5 10. Be3 h6 11. Nh3 Be7 12. Nd5 Nxd5 13. Qxd5 Qc7 14. c3 O-O
15. g4 Bg6 16. f4 Bh4+ 17. Kd2 exf4 18. Nxf4 Bh7 19. Qh5 Bg5 20. Nd5 Bxe3+ 21.
Kxe3 Qd8 22. Bd3 Ne5 23. Nf4 Qb6+ 0-1